000 00656cam a22002413a 4500
001 30828
003 PGUSA
005 20140828083651.0
008 100102s2010||||xxu|||||s|||||000 1 eng d
040 _aPGUSA
_beng
042 _adc
050 4 _aPS
100 1 _aBudrys, Algis,
_d1931-2008
245 1 4 _aThe Barbarians
_h[electronic resource] /
_cAlgis Budrys
260 _bProject Gutenberg,
_c2010
506 _aPublic domain in the USA.
516 _aElectronic text
653 _aScience fiction
700 1 _aEmshwiller, Ed,
_d1925-1990
830 0 _aProject Gutenberg
_v30828
856 4 0 _uhttp://www.gutenberg.org/ebooks/30828
942 _cEB
999 _c260083
_d260083